| 000 | 00655nam a2200241Ia 4500 | ||
|---|---|---|---|
| 003 | OSt | ||
| 005 | 20220924132258.0 | ||
| 006 | a|||||r|||| 00| 0 | ||
| 007 | ta | ||
| 008 | 220923b |||||||| |||| 00| 0 san d | ||
| 024 | _a40155 | ||
| 037 | _cTextual | ||
| 040 |
_aARTS _cARTS _bsan |
||
| 041 |
_2san _asan |
||
| 082 | _aO15,1D96,3, K8 | ||
| 100 |
_aAmitagati _963453 |
||
| 245 | 0 | _aYogasara prabhrta | |
| 260 | _c1968 | ||
| 650 | _aSANSKRIT LITERATURE | ||
| 700 |
_a Yugavir Jugal Kishore Mukhtar Ed. _9204084 |
||
| 942 |
_hO15,1D96,3, K8 _cTEXL _2CC |
||
| 999 |
_c429888 _d429888 |
||